000
00338cam a2200145ua 4500
041
_a
eng
_h
082
_a
822
_b
YEA/SE
100
_a
Yeats, W B.
245
_a
Selected plays /
_c
W B Yeats.
_h
Textual Documents
260
_a
London :
_b
McMillon & Co Ltd ,
_c
1966.
300
_a
277 ; .
504
_a
942
_c
BK
999
_c
5917
_d
5917